[Event "Sochi Amateur op 6th"]
[Site "Sochi"]
[Date "2019.04.12"]
[Round "8"]
[White "Buvaltsev, Andrey"]
[Black "Mulenko, Alexander"]
[Result "1/2-1/2"]
[WhiteElo "1922"]
[BlackElo "2136"]
[PlyCount "99"]
[EventDate "2019.04.07"]
[EventType "swiss"]
[EventRounds "9"]
[EventCountry "RUS"]
[SourceTitle "CBM 189 Extra"]
[Source "ChessBase"]
[SourceDate "2019.06.03"]
[SourceVersion "1"]
[SourceVersionDate "2019.06.03"]
[SourceQuality "1"]

1. d4 Nf6 2. Nf3 b6 3. Bg5 Ne4 4. Bf4 Bb7 5. e3 e6 6. Nbd2 Bd6 7. Ne5 Nxd2 8. Kxd2 Nc6 9. Nxc6 dxc6 10. Qg4 g6 11. Rd1 Qe7 12. Bg5 f6 13. Bh4 0-0-0 14. Bc4 Rhe8 15. Kc1 g5 16. Bg3 f5 17. Qh5 Qf6 18. f4 Rg8 19. fxg5 Rxg5 20. Bh4 Rxh5 21. Bxf6 Re8 22. Be2 Rxh2 23. Rxh2 Bxh2 24. Rh1 Bd6 25. Rxh7 c5 26. Bh5 Rf8 27. Bf7 Bxg2 28. Bxe6+ Kb7 29. Bg7 Re8 30. d5 f4 31. exf4 Bxf4+ 32. Kb1 Ka6 33. a4 c6 34. Bd7 Re1+ 35. Ka2 Bxd5+ 36. b3 Kb7 37. Bc3 Rh1 38. Bh3+ Kb8 39. Kb2 a5 40. Bf6 Rh2 41. Bf5 Rxh7 42. Bxh7 c4 43. Bf5 Kc7 44. Be7 Be5+ 45. Ka3 c3 46. Ka2 c5 47. Bd3 Bd4 48. Bg5 Bc6 49. Bf4+ Kb7 50. Bg5 1/2-1/2

[Event "Sochi ChessAmateur op"]
[Site "Sochi"]
[Date "2018.04.03"]
[Round "4"]
[White "Tuychiev, Elbek"]
[Black "Buvaltsev, Andrey"]
[Result "0-1"]
[WhiteElo "1649"]
[BlackElo "1934"]
[PlyCount "98"]
[EventDate "2018.04.01"]
[EventType "swiss"]
[EventRounds "9"]
[EventCountry "RUS"]
[SourceTitle "CBM 184 Extra"]
[Source "ChessBase"]
[SourceDate "2018.06.28"]
[SourceVersion "1"]
[SourceVersionDate "2018.06.28"]
[SourceQuality "1"]

1. e4 e6 2. Qe2 c5 3. b3 Nc6 4. Nf3 d6 5. Bb2 Nf6 6. g3 Be7 7. Bg2 0-0 8. e5 dxe5 9. Nxe5 Nd4 10. Qd3 Nf5 11. 0-0 Qxd3 12. Nxd3 Nd4 13. Ne1 Rb8 14. c3 Nf5 15. Nc2 b6 16. Nba3 b5 17. Ne3 Nxe3 18. fxe3 c4 19. Nc2 Bb7 20. Nd4 Bxg2 21. Kxg2 Rb7 22. Nc6 Rc8 23. Nd4 Rd8 24. Rad1 Bf8 25. b4 a6 26. Ra1 e5 27. Nf3 Ne4 28. Bc1 f6 29. a4 g5 30. axb5 g4 31. Nh4 axb5 32. Ra6 Rd6 33. Ra8 Rd3 34. Nf5 Kf7 35. Ra6 Rd5 36. h3 gxh3+ 37. Kxh3 Rbd7 38. Kg4 Be7 39. Kf3 Ng5+ 40. Kg4 Bd8 41. Nh6+ Kg6 42. Ng8 R7d6 43. Ra7 Rd7 44. Rxd7 Rxd7 45. Rh1 f5+ 46. Kh4 Ne4+ 47. Kh3 Nf2+ 48. Kg2 Nxh1 49. Kxh1 Rg7 0-1

[Event "Novokuznetsk op"]
[Site "Novokuznetsk"]
[Date "2012.08.06"]
[Round "5"]
[White "Zaitsev, Vadim"]
[Black "Buvaltsev, Andrey"]
[Result "1/2-1/2"]
[WhiteElo "2352"]
[BlackElo "2068"]
[PlyCount "97"]
[EventDate "2012.08.02"]
[EventType "swiss"]
[EventRounds "9"]
[EventCountry "RUS"]
[SourceTitle "EXT 2013"]
[Source "ChessBase"]
[SourceDate "2012.11.22"]
[SourceVersion "1"]
[SourceVersionDate "2012.11.22"]
[SourceQuality "1"]

1. e4 c5 2. Nf3 d6 3. d4 cxd4 4. Nxd4 Nf6 5. Nc3 g6 6. Be3 Bg7 7. f3 Nc6 8. Qd2 0-0 9. Bc4 Ne5 10. Bb3 Qa5 11. 0-0-0 Bd7 12. h4 h5 13. Bh6 Rfc8 14. Bxg7 Kxg7 15. g4 Rc5 16. gxh5 Nxh5 17. f4 Nc4 18. Bxc4 Rxc4 19. f5 Rxc3 20. Qxc3 Qxc3 21. bxc3 gxf5 22. Rhg1+ Kf6 23. Rg5 Rh8 24. Nxf5 Bxf5 25. Rxf5+ Ke6 26. Ra5 a6 27. Rg1 Nf6 28. Re1 Rxh4 29. e5 Re4 30. Kd2 Rxe1 31. Kxe1 Ne4 32. exd6 Kxd6 33. c4 Nc5 34. Kd2 e5 35. Ra3 f5 36. Rh3 Ne4+ 37. Ke3 Kc5 38. Rh5 Nd6 39. Kd3 b5 40. cxb5 axb5 41. Rh7 Kd5 42. Ra7 f4 43. a4 e4+ 44. Ke2 bxa4 45. Rxa4 Nc4 46. Ra8 Nb6 47. Rd8+ Kc5 48. Re8 Kd5 49. Rd8+ 1/2-1/2

[Event "Novokuznetsk op"]
[Site "Novokuznetsk"]
[Date "2012.08.04"]
[Round "3"]
[White "Sukiasyan, Artem"]
[Black "Buvaltsev, Andrey"]
[Result "0-1"]
[WhiteElo "1806"]
[BlackElo "2068"]
[PlyCount "92"]
[EventDate "2012.08.02"]
[EventType "swiss"]
[EventRounds "9"]
[EventCountry "RUS"]
[SourceTitle "EXT 2013"]
[Source "ChessBase"]
[SourceDate "2012.11.22"]
[SourceVersion "1"]
[SourceVersionDate "2012.11.22"]
[SourceQuality "1"]

1. c4 e6 2. Nc3 f5 3. g3 Bb4 4. Bg2 Bxc3 5. bxc3 Nf6 6. Nf3 d6 7. Qb3 0-0 8. Ba3 Qe7 9. c5 dxc5 10. d4 Na6 11. Ne5 c6 12. 0-0 Ne4 13. Rad1 Kh8 14. Qc2 Nd6 15. Rd2 Nb5 16. Bb2 cxd4 17. Rfd1 Qc5 18. c4 Qxe5 19. cxb5 Qxb5 20. Rxd4 Qc5 21. Qd3 e5 22. Ba3 Qxd4 23. Bxf8 Qxd3 24. exd3 Be6 25. Bd6 Bxa2 26. Bxe5 Kg8 27. Ra1 Bd5 28. Bxd5+ cxd5 29. Rb1 b6 30. Rb5 Rd8 31. Rb3 Nc5 32. Ra3 Rd7 33. d4 Ne6 34. Bb8 a5 35. Be5 Kf7 36. Rb3 Rb7 37. Rb5 a4 38. Rxd5 a3 39. Rb5 a2 40. d5 Nc5 41. Ba1 Na4 42. d6 g6 43. Rb4 b5 44. d7 Rxd7 45. Rd4 Rxd4 46. Bxd4 b4 0-1

[Event "Novokuznetsk op"]
[Site "Novokuznetsk"]
[Date "2012.08.03"]
[Round "2"]
[White "Buvaltsev, Andrey"]
[Black "Guzikov, Danil"]
[Result "0-1"]
[WhiteElo "2068"]
[BlackElo "2177"]
[PlyCount "90"]
[EventDate "2012.08.02"]
[EventType "swiss"]
[EventRounds "9"]
[EventCountry "RUS"]
[SourceTitle "EXT 2013"]
[Source "ChessBase"]
[SourceDate "2012.11.22"]
[SourceVersion "1"]
[SourceVersionDate "2012.11.22"]
[SourceQuality "1"]

1. d4 f5 2. Nf3 Nf6 3. c4 e6 4. g3 d5 5. Bg2 c6 6. 0-0 Bd6 7. c5 Be7 8. Bf4 b6 9. b4 a5 10. Qa4 Nfd7 11. a3 Bb7 12. Bxb8 Qxb8 13. Rc1 axb4 14. Qxb4 bxc5 15. dxc5 Qa7 16. Qc3 Qxc5 17. Qxc5 Bxc5 18. Nbd2 Ke7 19. a4 Bd6 20. Nd4 c5 21. Nb5 Bc6 22. Nxd6 Kxd6 23. a5 Rhb8 24. Rd1 Kc7 25. f4 Rb5 26. Ra3 Raxa5 27. Re3 Rb2 28. Rxe6 Ba4 29. Bxd5 Bxd1 30. Nc4 Rb1 31. Rc6+ Kd8 32. Nxa5 Bb3+ 33. Kf2 Bxd5 34. Rd6 Be4 35. Nc4 Ke7 36. Ra6 Rb4 37. Ne3 c4 38. Ra7 Kd6 39. Ra6+ Kc5 40. Ra7 Rb7 41. Rxb7 Bxb7 42. Nxf5 g6 43. Ne3 Be4 44. g4 c3 45. h3 c2 0-1

[Event "Berdsk Maestro op 16th"]
[Site "Berdsk"]
[Date "2010.07.14"]
[Round "7"]
[White "Buvaltsev, Andrey"]
[Black "Kovalev, Vitaly"]
[Result "0-1"]
[WhiteElo "2084"]
[BlackElo "1997"]
[PlyCount "70"]
[EventDate "2010.07.08"]
[EventType "swiss"]
[EventRounds "9"]
[EventCountry "RUS"]
[SourceTitle "EXT 2011"]
[Source "ChessBase"]
[SourceDate "2010.11.26"]
[SourceVersion "1"]
[SourceVersionDate "2010.11.26"]
[SourceQuality "1"]

1. Nf3 Nf6 2. d4 g6 3. c4 Bg7 4. Nc3 0-0 5. e4 d6 6. Be2 e5 7. dxe5 dxe5 8. Qxd8 Rxd8 9. Bg5 Re8 10. 0-0-0 c6 11. Ne1 Be6 12. Nc2 Nbd7 13. Be3 Bf8 14. f3 a6 15. Rd2 b5 16. b3 bxc4 17. Bxc4 Bxc4 18. bxc4 Rab8 19. Na4 Rb7 20. Rd3 Reb8 21. Kd2 Nh5 22. Ke2 Nf4+ 23. Bxf4 exf4 24. Nd4 Ne5 25. Rb3 Rxb3 26. axb3 c5 27. Nc2 Rxb3 28. Rd1 Nxc4 29. Rd8 Kg7 30. Ra8 Na3 31. Ne1 Nb5 32. Rxa6 Ra3 33. Nxc5 Re3+ 34. Kd2 Bxc5 35. Nd3 Bd4 0-1

[Event "Berdsk Maestro op 14th"]
[Site "Berdsk"]
[Date "2008.07.16"]
[Round "9"]
[White "Buvaltsev, Andrey"]
[Black "Degterev, Alexander"]
[Result "0-1"]
[WhiteElo "2115"]
[BlackElo "2333"]
[PlyCount "62"]
[EventDate "2008.07.08"]
[EventType "swiss"]
[EventRounds "9"]
[EventCountry "RUS"]
[SourceTitle "CBM 125 Extra"]
[Source "ChessBase"]
[SourceDate "2008.09.01"]
[SourceVersion "1"]
[SourceVersionDate "2008.09.01"]
[SourceQuality "1"]

1. e4 c5 2. c3 Nf6 3. e5 Nd5 4. d4 cxd4 5. Qxd4 e6 6. Nf3 Nc6 7. Qe4 f5 8. exf6 Nxf6 9. Qc2 d5 10. Bf4 Bd6 11. Bxd6 Qxd6 12. Bb5 0-0 13. Nbd2 e5 14. 0-0-0 e4 15. Nxe4 Nxe4 16. Qxe4 dxe4 17. Rxd6 exf3 18. Bxc6 bxc6 19. gxf3 Rxf3 20. Rxc6 Bb7 21. Rc7 Rxc3+ 22. bxc3 Bxh1 23. c4 Rf8 24. Rxa7 Rxf2 25. a4 Rxh2 26. a5 Be4 27. Rc7 Ra2 28. c5 Rxa5 29. Kd2 Ra3 30. c6 Rd3+ 31. Ke2 Rc3 0-1

[Event "Berdsk Maestro op 14th"]
[Site "Berdsk"]
[Date "2008.07.14"]
[Round "7"]
[White "Zatsepin, Vladimir"]
[Black "Buvaltsev, Andrey"]
[Result "0-1"]
[WhiteElo "1974"]
[BlackElo "2115"]
[PlyCount "62"]
[EventDate "2008.07.08"]
[EventType "swiss"]
[EventRounds "9"]
[EventCountry "RUS"]
[SourceTitle "CBM 125 Extra"]
[Source "ChessBase"]
[SourceDate "2008.09.01"]
[SourceVersion "1"]
[SourceVersionDate "2008.09.01"]
[SourceQuality "1"]

1. d4 e6 2. c4 f5 3. Nf3 Nf6 4. Bg5 b6 5. g3 c6 6. Bg2 d5 7. cxd5 exd5 8. 0-0 Bd6 9. Ne5 0-0 10. Nc3 Be6 11. Rc1 h6 12. Bxf6 Rxf6 13. Nxc6 Nxc6 14. Nxd5 Na5 15. Nxf6+ gxf6 16. Bxa8 Qxa8 17. Qc2 Qd5 18. Qd2 Kg7 19. b3 Nc6 20. Rfd1 Ne7 21. Rc2 f4 22. g4 Bxg4 23. f3 Bh3 24. Kf2 Qh5 25. Rg1+ Kf7 26. Rg4 Bxg4 27. fxg4 Qxh2+ 28. Kf1 Nd5 29. Qd3 Ne3+ 30. Ke1 Bb4+ 31. Rc3 Qg1+ 0-1

[Event "Berdsk Maestro op 14th"]
[Site "Berdsk"]
[Date "2008.07.13"]
[Round "6"]
[White "Buvaltsev, Andrey"]
[Black "Glukhov, Mikhail"]
[Result "0-1"]
[WhiteElo "2115"]
[BlackElo "2237"]
[PlyCount "78"]
[EventDate "2008.07.08"]
[EventType "swiss"]
[EventRounds "9"]
[EventCountry "RUS"]
[SourceTitle "CBM 125 Extra"]
[Source "ChessBase"]
[SourceDate "2008.09.01"]
[SourceVersion "1"]
[SourceVersionDate "2008.09.01"]
[SourceQuality "1"]

1. Nf3 d5 2. b3 Nc6 3. Bb2 f6 4. e3 e5 5. Bb5 Be6 6. Bxc6+ bxc6 7. d3 Bd6 8. e4 Ne7 9. 0-0 0-0 10. Nbd2 Qe8 11. h3 Qh5 12. Kh1 Rae8 13. Nh2 Qf7 14. Ndf3 Ng6 15. g4 Nf4 16. Ng1 Qg6 17. Qf3 h5 18. Bc1 hxg4 19. hxg4 Kf7 20. Ne2 Rh8 21. Bxf4 Bxg4 22. Qg2 Bxe2 23. Qxg6+ Kxg6 24. Bg3 Bxf1 25. Rxf1 Bc5 26. Kg2 Rd8 27. Nf3 dxe4 28. dxe4 Kf7 29. Re1 Rd6 30. Re2 Rhd8 31. a4 Rd1 32. Ne1 R8d2 33. Kf3 Rxe2 34. Kxe2 Rb1 35. Nd3 Bd6 36. Kd2 Ke6 37. Nc1 Bb4+ 38. c3 Ba3 39. Nd3 Rxb3 0-1